Economic assessment of soil and foliar based fertilizer application for mature rubber: the case of estate sector in Kegalle district (Record no. 57577)
[ view plain ]
| 000 -LEADER | |
|---|---|
| fixed length control field | 01591nam a2200157Ia 4500 |
| 100 ## - MAIN ENTRY--AUTHOR NAME | |
| Personal name | Samarappuli I N |
| 245 #0 - TITLE STATEMENT | |
| Title | Economic assessment of soil and foliar based fertilizer application for mature rubber: the case of estate sector in Kegalle district |
| 260 ## - PUBLICATION, DISTRIBUTION, ETC. (IMPRINT) | |
| Name of publisher | Journal of the Rubber Research Institute of Sri Lanka |
| Year of publication | 1997 |
| 300 ## - PHYSICAL DESCRIPTION | |
| Number of Pages | 21-Nov |
| 520 ## - SUMMARY, ETC. | |
| Summary, etc | Fertilization of rubber accounts for a considerable portion of recurrent expenditure. This study attempts to compare the cost of two alternative recommended methods of fertilizer application for mature rubber viz. the readily available conventional premixed fertilizers against the site specific soil and foliar survey based fertilization. The sample consisted of 669 mature rubber fields selected from 12 estates in the Kegalle district. The results clearly suggest that soil and foliar survey based method of fertilizer application is economical than the use of conventional pre-mixed fertilizers inspite of the additional sampling and analytical costs involved in the former method. The estimated difference in cost between the two fertilizer schemes is nearly Rs. 1150 ha/year during the initial 13 years of tapping. The behaviour of cost curves under the soil and foliar approach varied by clone type. The high yielding clone of RRIC 100 consumed more nutrients compared to the low yielding clone of PB 86. The study also suggests some insight into policy implications. |
| 700 ## - ADDED ENTRY--PERSONAL NAME | |
| Personal name | Samarappuli L |
| 700 ## - ADDED ENTRY--PERSONAL NAME | |
| Personal name | Wickramaratne C S |
| 700 ## - ADDED ENTRY--PERSONAL NAME | |
| Personal name | Yogaratnam N |
| 942 ## - ADDED ENTRY ELEMENTS (KOHA) | |
| Koha item type | Journals |
| Withdrawn status | Lost status | Damaged status | Not for loan | Home library | Current library | Shelving location | Date acquired | Serial Enumeration / chronology | Koha item type |
|---|---|---|---|---|---|---|---|---|---|
| Journals | RRII Library | RRII Library | Agricultural economics | 17/12/2021 | Volume 79, Issue | Journals |